000 00475nam a2200193Ia 4500
005 20230823112200.0
008 131103s9999 xx 000 0 und d
020 _a340649658
040 _aLoreto College
041 _aEnglish
082 _aF
_bILE
100 _aIles,Grey
245 _aBlack Cross
_cGrey Iles
260 _aLondon
_bCoronet Books/Hodder and Stoughton
_c1932
300 _axii,239 p.
650 _aFiction in English
850 _aLCLIB
942 _cBK
999 _c15131
_d65610